Caribbean Countries and Territories with a Map - Statistics

General Stats
  • This quiz has been taken 496 times
  • The average score is 30 of 39
Answers on the Map
Answers color-coded by a green-red scale on the quiz's map according to % correct below.
 
Answer Stats
Countries and Territories % Correct
Cuba
96%
Jamaica
95%
The Bahamas
95%
Dominica
94%
Haiti
94%
The Dominican Republic
93%
Panama
91%
Colombia
90%
Honduras
90%
Venezuela
90%
Belize
89%
Costa Rica
89%
Guatemala
89%
Mexico
89%
Nicaragua
88%
Barbados
87%
Grenada
85%
Puerto Rico
85%
Saint Lucia
85%
Trinidad and Tobago
84%
Saint Kitts and Nevis
81%
U.S. Virgin Islands
81%
Antigua and Barbuda
79%
British Virgin Islands
76%
Curaçao
73%
Aruba
71%
Guadeloupe
70%
Martinique
67%
Saint Vincent and The Grenadines
66%
The Cayman Islands
64%
Saint Martin
62%
Anguilla
60%
Bonaire
60%
Montserrat
58%
Sint Maarten
50%
The Turks and Caicos Islands
46%
Saint Barthélemy
43%
Saba
42%
Sint Eustatius
38%
No matching quizzes found
Score Distribution
Percent of People with Each Score
Percentile by Number Answered
Your Score History
You have not taken this quiz